[Event "PUR-ch (Women)"]
[White "Comas Colon, Rinelly M"]
[Black "Vega Jimenez, Keyshla M"]
[Site "Gurabo"]
[Round "3"]
[Result "1/2-1/2"]
[Date "2014.03.01"]
[WhiteElo "1763"]
[BlackElo "1694"]
[PlyCount "134"]
[EventDate "2014.02.28"]
[EventType "swiss"]
[EventRounds "5"]
[EventCountry "PUR"]
[SourceTitle "EXT 2015"]
[Source "ChessBase"]
[SourceDate "2014.11.20"]
[SourceVersion "1"]
[SourceVersionDate "2014.11.20"]
[SourceQuality "1"]

1. c4 e5 2. g3 Nf6 3. Bg2 c5 4. Nc3 d6 5. e3 Nbd7 6. Nge2 Nb6 7. b3 Be7 8. 0-0 d5 9. cxd5 Nbxd5 10. Bb2 Nb4 11. d4 Qc7 12. dxe5 Qxe5 13. Na4 Qc7 14. a3 Nc6 15. Nf4 0-0 16. Qc2 b6 17. Nc3 Bb7 18. Ncd5 Nxd5 19. Nxd5 Qd6 20. Nxe7+ Qxe7 21. Rad1 Na5 22. Rd2 Bxg2 23. Kxg2 Qe6 24. Qc3 f6 25. b4 cxb4 26. Qxb4 Nc4 27. Rd4 Nxb2 28. Qxb2 Rfd8 29. Rfd1 Rxd4 30. Rxd4 Rc8 31. Qd2 Qe7 32. Qd3 Qb7+ 33. Kh3 Re8 34. Rd7 Qf3 35. Qc4+ Kh8 36. Qf7 Qf5+ 37. Kg2 Qe4+ 38. Kf1 Qb1+ 39. Ke2 Qc2+ 40. Rd2 Qa4 41. Rd4 Qb5+ 42. Kf3 Qc6+ 43. Qd5 Qxd5+ 44. Rxd5 Kg8 45. Rd7 a5 46. Rd6 Rb8 47. a4 b5 48. axb5 Rxb5 49. Rd4 Rf5+ 50. Ke2 Kf7 51. g4 Rc5 52. Rd7+ Kg6 53. h4 h5 54. f3 hxg4 55. fxg4 Rc2+ 56. Kf3 a4 57. Ra7 Ra2 58. g5 fxg5 59. hxg5 Kxg5 60. Rxg7+ Kf6 61. Ra7 a3 62. Ke4 Ra1 63. Ra6+ Ke7 64. Ke5 Kd7 65. e4 a2 66. Ra5 Kc7 67. Ke6 Re1 1/2-1/2

[Event "Wch U18 Girls"]
[White "Barbier, Astrid"]
[Black "Comas Colon, Rinelly M"]
[Site "Al Ain"]
[Round "11"]
[Result "1/2-1/2"]
[Date "2013.12.23"]
[WhiteElo "1789"]
[BlackElo "1790"]
[PlyCount "96"]
[EventDate "2013.12.18"]
[EventType "swiss"]
[EventRounds "11"]
[EventCountry "UAE"]
[SourceTitle "CBM 158 Extra"]
[Source "ChessBase"]
[SourceDate "2014.02.28"]
[SourceVersion "1"]
[SourceVersionDate "2014.02.28"]
[SourceQuality "1"]

1. b3 d5 2. Bb2 Nf6 3. e3 Nbd7 4. Nf3 g6 5. Be2 Bg7 6. 0-0 0-0 7. c4 c6 8. d3 Re8 9. Nc3 e6 10. Qc2 b6 11. Rac1 Bb7 12. Rfd1 Rc8 13. Qb1 Qe7 14. d4 Red8 15. h3 a6 16. Bd3 b5 17. Ne2 b4 18. Nf4 Nb8 19. Ne5 Nbd7 20. cxd5 Nxe5 21. dxe5 Nxd5 22. Nxd5 cxd5 23. Bd4 f6 24. Qb2 f5 25. Rxc8 Rxc8 26. Rc1 Qf8 27. f4 Rxc1+ 28. Qxc1 Qc8 29. Qxc8+ Bxc8 30. Kf2 Bf8 31. g4 Be7 32. g5 Kg7 33. Ke2 h6 34. h4 h5 35. Kd2 Kf7 36. Bb6 Ke8 37. Bb1 Kd7 38. Kd3 Kc6 39. Bd4 Bd7 40. Kd2 Kb7 41. Bd3 Bc6 42. Kc2 Bd7 43. Bf1 Be8 44. Kd2 Bd7 45. Kc2 Be8 46. Kb2 Bc6 47. Bd3 Bd7 48. Kc2 Bc6 1/2-1/2

[Event "Wch U18 Girls"]
[White "Korbovljanovic, Natasa"]
[Black "Comas Colon, Rinelly M"]
[Site "Al Ain"]
[Round "9"]
[Result "1-0"]
[Date "2013.12.23"]
[WhiteElo "1854"]
[BlackElo "1790"]
[PlyCount "81"]
[EventDate "2013.12.18"]
[EventType "swiss"]
[EventRounds "11"]
[EventCountry "UAE"]
[SourceTitle "CBM 158 Extra"]
[Source "ChessBase"]
[SourceDate "2014.02.28"]
[SourceVersion "1"]
[SourceVersionDate "2014.02.28"]
[SourceQuality "1"]

1. e4 g6 2. d4 Bg7 3. c4 c5 4. Nf3 cxd4 5. Nxd4 Nc6 6. Be3 Nf6 7. Nc3 0-0 8. Be2 d6 9. 0-0 Bd7 10. Kh1 Rc8 11. Rc1 Ne5 12. b3 Neg4 13. Bg5 h6 14. Bh4 Re8 15. h3 Ne5 16. f4 Nc6 17. f5 g5 18. Bf2 a6 19. Be3 Qa5 20. Nf3 Nh5 21. Na4 Ng3+ 22. Kg1 Nxf1 23. Bxf1 Ne5 24. Nb6 Nxf3+ 25. Qxf3 Rcd8 26. h4 f6 27. Qh5 Bc6 28. hxg5 fxg5 29. c5 Rf8 30. Bc4+ d5 31. exd5 Be8 32. d6+ Bf7 33. dxe7 Bxc4 34. Nxc4 Qxa2 35. f6 Bxf6 36. exf8Q+ Rxf8 37. Qxh6 Qe2 38. Qg6+ Kh8 39. Rf1 Bg7 40. Rxf8+ Bxf8 41. Bd4+ 1-0

[Event "Wch U18 Girls"]
[White "Comas Colon, Rinelly M"]
[Black "Popadic, Mirjana"]
[Site "Maribor"]
[Round "8.35"]
[Result "0-1"]
[Date "2012.11.15"]
[WhiteElo "1810"]
[BlackElo "1598"]
[PlyCount "116"]
[EventDate "2012.11.08"]
[EventType "swiss"]
[EventRounds "11"]
[EventCountry "SLO"]
[SourceTitle "EXT 2013"]
[Source "ChessBase"]
[SourceDate "2012.11.22"]
[SourceVersion "1"]
[SourceVersionDate "2012.11.22"]
[SourceQuality "1"]

1. c4 Nf6 2. g3 g6 3. Bg2 Bg7 4. Nc3 0-0 5. e4 e5 6. Nge2 d6 7. 0-0 Nc6 8. d3 Be6 9. h3 Qd7 10. Kh2 Nh5 11. Nd5 Ne7 12. Bg5 Bxd5 13. cxd5 h6 14. Be3 c5 15. dxc6 Nxc6 16. d4 Nf6 17. Qd2 Kh7 18. Rfd1 Rfd8 19. Rac1 a6 20. Rc2 Rac8 21. Rdc1 Ne7 22. dxe5 Rxc2 23. Rxc2 dxe5 24. Qxd7 Rxd7 25. a4 Nc6 26. Rd2 Bf8 27. Bf3 Rxd2 28. Bxd2 Bc5 29. Kg2 g5 30. g4 Kg6 31. Bc3 Nd7 32. Nc1 Bd4 33. Bxd4 Nxd4 34. Bd1 Nc5 35. f3 a5 36. Kf2 Kf6 37. Ke3 Ke7 38. b3 Kd6 39. Kd2 Nce6 40. Kc3 Nf4 41. b4 axb4+ 42. Kxb4 b6 43. Nb3 Nxb3 44. Bxb3 f6 45. Kb5 Kc7 46. a5 bxa5 47. Kc5 Nxh3 48. Ba4 Ng1 49. Kd5 Nxf3 50. Ke6 Nh2 51. Bd1 a4 52. Kxf6 a3 53. Bb3 Nxg4+ 54. Kf5 h5 55. Kxg5 Kd6 56. Kxh5 Nf6+ 57. Kh4 Nxe4 58. Kg4 Nc3 0-1